| 000 | 00547nam a2200217 a 4500 | ||
|---|---|---|---|
| 999 |
_c487 _d487 |
||
| 001 | 487 | ||
| 003 | BD-JhCC | ||
| 005 | 20171005164617.0 | ||
| 008 | 171005s1952 uk p|||| |||| 00| 0 eng d | ||
| 035 | _a(BD-JhCC) 487 | ||
| 040 |
_aBD-JhCC _dBD-JhCC |
||
| 041 | _aeng | ||
| 082 |
_a648 _bDaw 1952 |
||
| 100 | _aDawlish, Peter | ||
| 245 |
_aDauntless Sails In / _cDawlish peter |
||
| 260 |
_aLondon : _bOxford University Press, _c1952 |
||
| 300 |
_a259 p. ; _bill, _c20 cm |
||
| 650 |
_aSmugglers _xLondon |
||
| 942 |
_2ddc _cBK |
||